Riešenie kryštálovej štrúktury metódami difrakcie RTG žiarenia
Saved in:
| Main Author: | |
|---|---|
| Other Authors: | |
| Format: | Manuscript Book |
| Language: | Slovak |
| Subjects: | |
| Online Access: | http://is.stuba.sk/zp/portal_zp.pl?podrobnosti=82701 |
| Tags: |
No Tags, Be the first to tag this record!
|
MARC
| LEADER | 00000ntm a22000003a 4500 | ||
|---|---|---|---|
| 001 | stuzp39923 | ||
| 003 | SK-STU | ||
| 005 | 20160229160055.1 | ||
| 007 | ta | ||
| 008 | 150427s2015----xo-----f-mn---000-0-slo-d | ||
| 040 | |a STU |b slo | ||
| 041 | 0 | |a slo | |
| 100 | 1 | |a Straková, Lucia |u 045210 |4 aut |U FCHPT Ústav fyzikálnej chémie a chemickej fyziky |T FCHPT Oddelenie fyzikálnej chémie |X 43397 |U C5210 |Y 117 |7 43397 | |
| 242 | 0 | 1 | |a Crystal Structure Solution by X-RAY Diffraction Methods |y eng |
| 245 | 1 | 0 | |a Riešenie kryštálovej štrúktury metódami difrakcie RTG žiarenia |
| 650 | 4 | |a difrakcia |2 slo | |
| 650 | 4 | |a kryštálová štruktúra |2 slo | |
| 650 | 4 | |a Röntgenová štruktúrna analýza |2 slo | |
| 650 | 4 | |a X-Ray diffraction analysis |2 eng | |
| 650 | 4 | |a diffraction |2 eng | |
| 650 | 4 | |a crystal structure |2 eng | |
| 700 | 1 | |a Fronc, Marek, |d 1978- |4 ths |X 3963 |7 A000003963 | |
| 856 | 4 | |u http://is.stuba.sk/zp/portal_zp.pl?podrobnosti=82701 | |
| SQL | |a stuzp39923 |b DBP |c SLO |d Riešenie kryštálovej štrúktury metódami difrakcie RTG žiarenia |e 43397 |f Straková, Lucia |g 045210 |h 3963 |i Fronc, Marek |j 20140714 |k 753 |l 04 |m http://is.stuba.sk/zp/portal_zp.pl?podrobnosti=82701 | ||